000 00626nam a2200217Ia 4500
003 GCL
008 140319s9999 xx 000 0 ara d
040 _aGCL /
_cGCL
082 0 4 _a372.414
_bى ت
100 1 _aيعقوب الشارونى
245 1 0 _aتنمية عادة القراءة عند الاطفال /
_cيعقوب الشارونى
300 _a114 ص
490 _aاقرأ
_v0
650 0 4 _aطرق التدريس
650 0 4 _aالتعليم
650 0 4 _aالاطفال
650 0 4 _aقصص الاطفال
650 0 4 _aالقراءة
650 0 4 _aالوسائل التعليمية
942 _2ddc
_cBK
999 _c50213
_d50213